UBT Library

Danforth's obstetrics and gynecology / (Record no. 43944)

000 -LEADER
fixed length control field 00992cam a2200265 a 4500
001 - CONTROL NUMBER
control field 2143712
005 - DATE AND TIME OF LATEST TRANSACTION
control field 20180302035109.0
008 - FIXED-LENGTH DATA ELEMENTS--GENERAL INFORMATION
fixed length control field 980717s1999 paua bf 001 0 eng c
010 ## - LIBRARY OF CONGRESS CONTROL NUMBER
LC control number 98037809
020 ## - INTERNATIONAL STANDARD BOOK NUMBER
International Standard Book Number 0781712068 (alk. paper)
040 ## - CATALOGING SOURCE
Original cataloging agency DNLM/DLC
Transcribing agency DLC
Modifying agency DLC
041 ## - LANGUAGE CODE
Language code of text/sound track or separate title eng
060 10 - NATIONAL LIBRARY OF MEDICINE CALL NUMBER
Classification number WQ 100
Item number D1812 1999
080 ## - UNIVERSAL DECIMAL CLASSIFICATION NUMBER
Universal Decimal Classification number 618 jam
082 00 - DEWEY DECIMAL CLASSIFICATION NUMBER
Classification number 618 jam
Edition number 21
100 ## - Rafti
Rafti 10
101 ## - Shkurtesa
Shkurtesa gyn
245 00 - TITLE STATEMENT
Title Danforth's obstetrics and gynecology /
246 30 - VARYING FORM OF TITLE
Title proper/short title Obstetrics and gynecology
504 ## - BIBLIOGRAPHY, ETC. NOTE
Bibliography, etc Includes bibliographical references and index.
906 ## - LOCAL DATA ELEMENT F, LDF (RLIN)
a 7
b cbc
c orignew
d 1
e ocip
f 19
g y-gencatlg
942 ## - ADDED ENTRY ELEMENTS (KOHA)
Source of classification or shelving scheme
Item type Books
Holdings
Withdrawn status Lost status Source of classification or shelving scheme Damaged status Not for loan Collection code Permanent location Current location Shelving location Date acquired Total Checkouts Full call number Barcode Date last seen Price effective from Koha item type
          Koleksioni i përgjithshem UBT - Lipjan UBT - Lipjan Koleksioni i përgjithshem 03/02/2018   618 jam 002-3000538 03/02/2018 03/02/2018 Books
UBT Library © 2015-2024. All rights reserved University Education for Business and Technology